| 000 | 00973nam a2200313Ia 4500 | ||
|---|---|---|---|
| 005 | 20220317002003.0 | ||
| 008 | 200115s2019 ck 000 0 spa d | ||
| 020 | _a9788484643685 | ||
| 040 |
_aCO-BoRNBP _bspa _erda _cCO-BoRNBP |
||
| 041 | 1 |
_aspa _heng |
|
| 100 | 1 |
_aPopov, Nikolai, _d1931-2008 _eautor |
|
| 245 | 1 | 1 |
_a¿Por qué? _cNikolai Popov |
| 250 | _aPrimera edición | ||
| 264 | 1 |
_aPontevedra _bKalandraka _c2019 |
|
| 300 |
_a[39] páginas _bilustraciones en color _c 23 cm |
||
| 336 |
_2rdacontent _atexto _btxt |
||
| 337 |
_2rdamedia _asin mediación _bn |
||
| 338 |
_2rdacarrier _avolumen _bnc |
||
| 490 | 0 | _aLibros para soñar | |
| 534 | _t Why? | ||
| 650 | 1 | 7 |
_aÁlbumes infantiles rusos _2LEMB _ySiglo XX |
| 650 | 1 | 7 |
_aLiteratura infantil rusa _2LEMB _ySiglo XX |
| 650 | 1 | 7 |
_aGuerra _2LEMB _vÁlbum |
| 650 | 1 | 7 |
_aPaz _2LEMB _vÁlbum |
| 650 | 1 | 7 |
_aRatones _2LEMB _vÁlbum |
| 650 | 1 | 7 |
_aViolencia _2LEMB _vÁlbum |
| 942 |
_2loc _cBKLIT |
||
| 084 | _aA POP7 | ||
| 999 |
_c8800 _d8800 |
||